000 00745nam a22002417a 4500
001 89862
003 UA-OsUOA
005 20260130100332.0
007 ta
008 20121112b un ||||| |||| 00| 0 ukr d
040 _aUA-OsUOA
_bukr
_cUA-OsUOA
_dUA-OsUOA
041 _aukr
080 _a821.161.2
090 _a821.161.2
_bК12
100 _aКагарлицький М. Ф.
_923084
245 _aОксана Петрусенко
_bбіографічна повість
_cМ. Ф. Кагарлицький
260 _aК.
_bМолодь
_c1983
300 _a256 с.
_bіл.
490 _aУславлені імена
_vВип. 56
650 7 _a821.161.2 Українська література
_2UDC
_941
942 _cBK
_2udc
955 _a3
999 _c376138
_d376138